Activity theory, authentic learning and emerging technologies : towards a transformative higher education pedagogy /

Bibliographic Details
Corporate Author: Ebook Library
Other Authors: Bozalek, Vivienne (Editor)
Format: eBook
Language:English
Published: Abingdon, Oxon ; New York : Routledge, 2015.
Series:Routledge research in higher education.
Subjects:
Online Access:Connect to the full text of this electronic book

MARC

Tag First Indicator Second Indicator Subfields
LEADER 00000cam a2200000Li 4500
001 in00003589286
006 m o d
007 cr |n|||||||||
008 141026s2015 enk ob 001 0 eng d
005 20250816222258.0
020 |a 9781317676553  |q (electronic bk.) 
020 |a 1317676556  |q (electronic bk.) 
020 |z 9781138778597  |q (hardback) 
020 |z 1138778591  |q (hardback) 
024 8 |a 99964234371 
035 |a (NhCcYBP)ebl1783964 
040 |a NhCcYBP  |c NhCcYBP  |d UtOrBLW 
043 |a f-sa---  |a u-at--- 
050 4 |a LB1028.3  |b .A287 2015 
072 7 |a EDU  |x 001000  |2 bisacsh 
072 7 |a EDU  |x 036000  |2 bisacsh 
082 0 4 |a 371.33  |2 23 
084 |a EDU000000  |a EDU015000  |a EDU029030  |2 bisacsh 
245 0 0 |a Activity theory, authentic learning and emerging technologies :  |b towards a transformative higher education pedagogy /  |c edited by Vivienne Bozalek [and five others]. 
264 1 |a Abingdon, Oxon ;  |a New York :  |b Routledge,  |c 2015. 
300 |a 1 online resource. 
336 |a text  |b txt  |2 rdacontent 
337 |a computer  |b c  |2 rdamedia 
338 |a online resource  |b cr  |2 rdacarrier 
490 1 |a Routledge research in higher education 
504 |a Includes bibliographical references and index. 
588 0 |a Print version record. 
505 0 |a Cover; Half Title; Title Page; Copyright Page; Table of Contents; List of figures; List of tables; Notes on contributors; Foreword; Preface; Acknowledgements; Introduction; Part I Activity Theory; 1 Introduction to Cultural-Historical Activity Theory and tool mediation; 2 Learning in sites of practice through a CHAT lens; 3 The Aṉangu Tertiary Education Program in remote northwest South Australia: a CHAT perspective; 4 Mediating learning in a blended postgraduate course; Part II Authentic learning; 5 Introduction to authentic learning 
505 8 |a 6 Learning to conduct research by doing: a case study in a postgraduate health education program7 Authentic learning in an undergraduate research methodologies course; 8 Facilitating creative problem solving in the entrepreneurship curriculum through authentic learning activities; Part III Emerging technologies; 9 Introduction to emerging technologies; 10 Twenty-first-century pedagogies: portraits of South African higher educators using emerging technologies; 11 Emerging technologies in New Zealand: a pedagogical framework for mobile social media 
505 8 |a 12 The affordances of three-dimensional virtual worlds as authentic learning environmentsPart IV Case studies; 13 The case studies: CHAT in use; Case study 13.1 Designing an effective undergraduate vocal pedagogy environment: a case of cultural-historical activity approach in a singing course; Case study 13.2 Towards authentic learning for professional development at the Centre for Academic Technologies (CAT); Case study 13.3 Where Activity Theory and authentic learning principles intersect: kick-starting learning activity design for mathematics teaching 
505 8 |a Case study 13.4 Understanding the implementation of curriculum innovation from an Activity Theory perspectiveCase study 13.5 A wiki for mediating learning in anatomy; Case study 13.6 From consumption to production of knowledge: using digital storytelling to enhance authenticity of industrial design students' learning; 14 The case studies: authentic learning; Case study 14.1 Transforming obstetric experiences through students' construction of collaborative critical insights; Case study 14.2 Using Google Drive to facilitate a blended approach to authentic learning 
505 8 |a Case study 14.3 Using wikis and blogs to mediate authentic learning: a case of teaching sport science education15 The case studies: emerging technologies; Case study 15.1 The use of Facebook as a cognitive tool to mediate studio-based learning in an architectural course; Case study 15.2 Using mobile phones to mediate learning of mathematics among repeating students at a South African higher education institution; Case study 15.3 Using Facebook to promote authentic learning: a case of teaching microbiology 
500 |a Electronic resource. 
650 0 |a Educational technology  |z South Africa. 
650 0 |a Educational technology  |z Australia. 
650 0 |a Education, Higher  |z South Africa.  |0 http://id.loc.gov/authorities/subjects/sh2008118929 
650 0 |a Education, Higher  |z Australia.  |0 http://id.loc.gov/authorities/subjects/sh2008118910 
655 7 |a Electronic books.  |2 local 
700 1 |a Bozalek, Vivienne,  |e editor.  |0 http://id.loc.gov/authorities/names/n2013065548 
710 2 |a Ebook Library.  |0 http://id.loc.gov/authorities/names/no2011007422 
776 1 8 |c Original  |z 9781138778597  |z 1138778591  |w (DLC) 2014015062 
830 0 |a Routledge research in higher education.  |0 http://id.loc.gov/authorities/names/no2014126025 
856 4 0 |u https://ebookcentral.proquest.com/lib/tamucs/detail.action?docID=1783964  |y Connect to the full text of this electronic book  |t 0 
955 |a YBP purchased firm e-records 
980 |b 175.00  |g 1 
987 |a ybp12075916 
999 f f |s 780f488c-6373-3901-bd4b-b864f612b5f3  |i 60a860c7-6b4b-3a40-9219-8e36309825d6  |t 0 
952 f f |a Texas A&M University  |b College Station  |c Electronic Resources  |d Available Online  |t 0  |e LB1028.3 .A287 2015  |h Library of Congress classification 
998 f f |a LB1028.3 .A287 2015  |t 0  |l Available Online